[Event "DEN-ch"]
[Site "Esbjerg"]
[Date "1997.03.27"]
[Round "6"]
[White "Ochsner, Thomas"]
[Black "Hansen, Lars Bo"]
[Result "0-1"]
[WhiteElo "2300"]
[BlackElo "2545"]
[Annotator "Mikhalevski,V"]
[PlyCount "100"]
[EventDate "1997.03.22"]
[EventType "tourn"]
[EventRounds "9"]
[EventCountry "DEN"]
[EventCategory "10"]
[SourceTitle "CBM 060"]
[Source "ChessBase"]
[SourceDate "1997.09.29"]
[SourceVersion "1"]
[SourceVersionDate "1997.09.29"]
[SourceQuality "1"]

1. e4 e5 2. Nf3 Nc6 3. d4 exd4 4. Nxd4 Bc5 5. Nxc6 Qf6 6. Qd2 dxc6 7. Nc3 Ne7 {
Romanishin's idea.He has tried it in his game against Gluzman(see below)} 8.
Qf4 (8. Na4 Bd6 9. f4 O-O 10. Bd3 Ng6 11. g3 Re8 12. Qe2 Bb4+ 13. c3 Bf8 14.
Be3 Bh3 15. Nc5 Bxc5 16. Bxc5 Qe6 17. Kf2 Rad8 18. Rhe1 Qd7 19. Bc4 Bg4 20. Qe3
b6 21. Ba3 c5 22. Kg1 Ne7 23. Bf1 Nf5 24. Qf2 Nd6 25. Qg2 Qc6 {1/2-1/2 Gluzman,
M-Romanishin,O/Moscow (ol) 1994}) 8... Ng6 (8... Be6 $6 9. Qxf6 gxf6 10. Bh6 $1
Rg8 11. Rd1 $16) (8... Qxf4 $6 9. Bxf4 Bd6 10. Bxd6 $5 cxd6 11. O-O-O Kd7 12.
Bc4 f6 13. Rd3 Kc7 14. h4 b5 15. Bb3 a5 16. Rg3 g6 17. a4 b4 18. Ne2 f5 19. h5
$16) ({Rublevsky} 8... Qe6 $1 9. Qxc7 O-O 10. Bd3 Ng6 (10... f5 $2 11. O-O Bd6
12. Qa5 f4 13. e5 $1 Qxe5 14. Qxe5 Bxe5 15. Re1 $16) 11. Qg3 $8 f5 12. f4 $5 (
12. O-O $2 f4 13. Qg5 Be7 14. Qh5 Ne5 $17) 12... fxe4 13. Nxe4 Bd7 $2 (13...
Re8 $1 14. Kd1 $1 $8 {~/=}) 14. Bd2 Rae8 15. Bc3 (15. O-O-O $6 Qxa2 16. Bc3 Be7
$1 $13 17. h4 $140 $2 Rxf4 $1 18. h5 Rg4 $1 19. Qc7 Rxe4 20. Bxe4 Bg5+ $19)
15... Bd6 (15... Rxf4 16. O-O-O Be7 17. Ng5 Bxg5 18. Qxg5 $16 Qxa2 $140 19. b3
Rg4 20. Bc4+ Kh8 21. Bxg7+ $1 $18) 16. O-O $16 Rxf4 $8 (16... Bxf4 $2 17. Rxf4
$1 Rxf4 18. Nc5 Qg4 19. Nxd7 Qxd7 20. Bxg6 Rg4 21. Bxe8 $18) 17. Nxd6 Qxd6 18.
Rfe1 Qc5+ 19. Kh1 Ref8 (19... Rxe1+ 20. Rxe1 Qf8 21. h3 $16) 20. h3 R4f7 21. a3
$5 a5 $8 22. Bxg6 hxg6 23. Qxg6 Bf5 24. Qg5 Qf2 25. Rf1 Qxc2 26. Rac1 Qd3 (
26... Qe4 27. Rce1 Qd5 28. Re5 Qd7 29. Rfe1 Qd3 30. Re7 Bg6 31. Rxf7 Rxf7 32.
Re8+ Rf8 33. Qe5 Qf1+ 34. Kh2 Qf6 35. Qc7 Qf7 36. Re7 $18) 27. Rf3 $5 Qe4 $2 (
27... Qd7 $8 28. Bxa5 $16) 28. Re1 Qc2 (28... Qd5 29. Re5 Qd7 30. Rfe3 $18) 29.
Rg3 g6 30. Rc1 Qe4 31. Re1 Qc2 $8 32. Rf3 $18 Rh7 33. Ref1 Rh5 34. Qxg6+ $1 {
1-0 Rublevsky,S-Goldin,A/Jugoslavija 1995}) (8... Qxf4 $6 {- 65/(305)}) 9. Qxf6
gxf6 10. Na4 {The idea of the move is to develop his bishop on g1-a7 diagonal.}
Bd4 $5 $146 {Exactly against white's plan.Now white has to play11.c3 and
white's knight w'ont be able to get back.} (10... Bd6 11. Be3 f5 12. exf5 Bxf5
13. O-O-O O-O-O 14. g3 Bg4 15. Rd4 f5 16. Bg2 f4 17. gxf4 Nh4 18. f5 Rhg8 19.
h3 Bxf5 20. Bxc6 Ng2 21. Bd5 Rg6 22. Bxg2 Rxg2 23. Nc3 Re8 24. Rd5 Re5 25. Rhd1
Be6 26. Rxe5 Bxe5 27. Nd5 b6 28. Bf4 Bxd5 29. Rxd5 {1/2-1/2 Relange,E-Onischuk,
A/WchJM-U20 Halle 1995}) 11. c3 (11. f4 a6 {Now black take diagonal a7-g1
under control,but white still has slight advantage owing to the strong centre
and the black's weeknesses on the king side.For example:} (11... f5 $5 12. c3
Bg7 13. Bd3 $14) (11... a5 $5) 12. c3 Ba7 13. b4 $14) 11... Be5 12. Nc5 (12.
Be3 $5) 12... Bd6 13. Nb3 (13. Be3 $142) 13... Rg8 $5 {/\Nh4} 14. f3 $1 (14.
Be3 $6 Nh4 $1 15. g3 (15. O-O-O $6 Nxg2 $1 16. Rg1 Bh3 {/\Ke7}) 15... Nf3+ 16.
Ke2 Bg4 17. h3 Nd4+ 18. Kd3 Bf3 $1 19. Rg1 Nxb3 20. axb3 O-O-O $1 $15) 14... c5
(14... f5 $1 15. exf5 Bxf5 16. Nd4 Bd7 $11) 15. Be3 b6 16. Kf2 $14 h5 (16... f5
$5) 17. Nd2 $1 {White bring in the play his knight.Now he has slight,but
long-term advantage.} Bd7 (17... Be6 $5 18. Bb5+ Ke7) 18. Nc4 Be7 19. a4 O-O-O
20. Be2 a5 21. Rhd1 h4 22. b3 Rde8 23. Ra2 Bf8 24. Rad2 Bc6 25. Na3 Kb7 26. Bc4
Ne5 27. Bd5 $1 $16 {Now white get clear advantage.The kingside pawns and all
white squares in the black's camp are very week.} Bxd5 28. Rxd5 Be7 29. R5d2
Rg6 30. h3 $6 (30. g4 $1 hxg3+ 31. hxg3 Rh8 32. Bf4 $1 $16 (32. Kg2 $5)) 30...
Rgg8 $6 (30... Reg8 $142 $5) 31. Nb5 $2 (31. c4 $1 {/\Na3-b1(b5)-c3}) 31... c4
$1 32. f4 $2 (32. bxc4 $6 Nxc4 33. Rd7 $2 Rxg2+ $1 34. Kxg2 Nxe3+ 35. Kf2 Nxd1+
36. Rxd1 $15) (32. Rb1 $1 cxb3 $140 33. Rxb3 Nc4 34. Rd7 $1 Nxe3 35. Rxc7+ Kb8
36. Kxe3 Rxg2 37. Rc6 $1 $16 Bc5+ $140 $4 38. Rxc5) 32... Nd3+ 33. Kf1 (33.
Rxd3 cxd3 34. Rxd3 Rd8 $1 $15) 33... Bc5 $1 $15 34. bxc4 (34. Bxc5 $5 Nxc5 35.
b4 $1 axb4 36. cxb4 Nd3 $1 (36... Nxe4 $2 37. Rd7 $132) 37. Re2 $1 Nxf4 $140
38. Rc2 $1 Rxe4 39. Rd7 $132) 34... Bxe3 35. Rxd3 Rxe4 $17 36. Rd7 Bxf4 37.
Rxf7 (37. R1d4 Rge8 $1 {/\Bg3} 38. Rxe4 Rxe4 39. Rd4 (39. Nd4 Bg3) 39... f5 $1)
37... Rge8 $6 (37... Bg3 $1 38. Rxf6 Rd8 $1 39. Ra1 Rxc4 $17) 38. c5 $1 $132
bxc5 (38... Rxa4 39. cxb6 $1 (39. Nd6+ Bxd6 40. cxd6 Rc4 41. d7 Rd8) 39... Kxb6
40. Rb1 Kc5 41. Nxc7 Re3 42. Rd1 $1 $15) (38... Bg3 $2 39. Nd6+) 39. Rb1 Kc6
40. Rxf6+ Bd6 $6 (40... Kd5 $1 41. Rf5+ R8e5 $1 42. Nxc7+ Kc4 $15) 41. Rd1 $1
Rd8 42. Ra1 Rf4+ 43. Rxf4 Bxf4 44. Ra2 (44. Re1 $142 $15) 44... Kd5 $1 45. Na3
$6 (45. Re2 $5) 45... Bc1 $1 46. c4+ $2 (46. Rf2 $1) 46... Ke4 $17 47. Re2+ (
47. Nb5 Rd1+ $1 48. Ke2 Rg1 $1 49. Kf2 $140 $4 Be3+ 50. Ke2 Rxg2+) 47... Kd3
48. Nb5 Bf4 49. Na3 Bg3 50. Re7 c6 $19 (50... Rf8+ 51. Kg1 Kc3 $19) 0-1

[Event "Olympiad-33"]
[Site "Elista"]
[Date "1998.09.30"]
[Round "2.1"]
[White "Shabalov, Alexander"]
[Black "Yurtaev, Leonid"]
[Result "1-0"]
[WhiteElo "2645"]
[BlackElo "2540"]
[Annotator "Mikhalevski,V"]
[PlyCount "87"]
[EventDate "1998.09.29"]
[EventType "team-swiss"]
[EventRounds "13"]
[EventCountry "RUS"]
[SourceTitle "CBM 068"]
[Source "ChessBase"]
[SourceDate "1999.02.01"]
[SourceVersion "1"]
[SourceVersionDate "1999.02.01"]
[SourceQuality "1"]
[WhiteTeam "US of America"]
[BlackTeam "Kyrgyzstan"]
[WhiteTeamCountry "USA"]
[BlackTeamCountry "KGZ"]

1. e4 {Hecht} e5 2. Nf3 Nc6 3. d4 exd4 4. Nxd4 Nf6 5. Nxc6 bxc6 6. e5 Qe7 7.
Qe2 Nd5 8. c4 Nb6 (8... Ba6 {is the main line.}) 9. Nd2 a5 10. g3 Qe6 11. b3 $1
{This moves order looks better than immediate 11.Bg2 as in the latter case b3
will be impossible because of Bc3(see below)} (11. Bg2 Bb4 12. O-O Bxd2 $5 (
12... O-O 13. b3 $2 (13. f4 Re8 14. b3 d5 15. Bb2 a4 16. Nf3 a3 17. Bd4 c5 18.
Bf2 h6 19. cxd5 Nxd5 20. Qc2 Ba6 21. f5 Qb6 22. Qe4 Rad8 23. Rfd1 Nc3 24. Rxd8
Rxd8 25. Qh4 f6 26. e6 Qd6 27. Kh1 $142 (27. Bf1 $2 Bxf1 28. Kxf1 Qd3+ 29. Kg2
Qxf5 $19 {0-1 Kreiman,B-Grinshpun,E/Budapest 1998/EXT 99 (32)})) 13... Bc3 14.
Rb1 Bxe5 $15 {0-1 Chernyshov,K-Galeev,S/Harkany 1994/CBM 45 ext (41)}) 13. Bxd2
(13. Qxd2 $5 Qxc4 (13... Nxc4 14. Qc3 $44) 14. b3 Qb4 15. Qxb4 axb4 16. Bd2 Nd5
17. Bxd5 cxd5 18. Rfc1 c6 19. Bxb4 $14 {1/2-1/2 Lautier,J-Emms,J/Harplinge
1998/CBM 67 noVC (55) White is slightly better,but I'm not sure if white has
big chances to win it.}) 13... Nxc4 14. Bc3 Ba6 15. Rfe1 Nb6 16. Qh5 Bc4 17.
Be4 g6 18. Qh6 $44 {1/2-1/2 Borge,N-Fedorov,V/Tastrup 1992/CBM 28 ext (103)})
11... a4 12. Bb2 Bb4 13. Bg2 O-O (13... Rb8 14. O-O a3 15. Bd4 c5 16. Be3 O-O
17. Ne4 Bb7 18. Bxc5 Bxe4 19. Bxb4 Bxg2 20. Kxg2 $16 {1-0 Oll,L-Sonntag,H/
Eupen 1995/EXT 97 (44)}) (13... Ba6 $5 {preparing long castle and d7-d5 looks
interesting.} 14. f4 O-O-O 15. O-O d5 16. f5 Qh6 17. Rad1 Rhe8 $13 {1-0
Hennigan,M-Ferguson,M/Swansea 1995/EXT 97 (40)}) 14. O-O {This position can be
reached by several transpositions:black can play Qe6 instead of a5;white
sometimes plays b3 before g3 etc.} a3 $146 {[%mdl 8]} (14... d5 15. Nf3 $6 (15.
f4 $5) 15... a3 16. Bc1 $6 (16. Bd4) 16... Bc3 17. Rb1 f6 $1 18. Qe3 Bxe5 19.
c5 Qf5 $1 20. Bd2 Nd7 $17 {0-1 Hnydiuk,A-Dworakowski,L/Krynica 1997/CBM 61 ext
(43)}) 15. Bd4 {[%cal Gf2f4,Gf4f5]} c5 $2 {[%mdl 512] This was the idea of 14..
.a3.Black sacrifices an exchange for a pawn,but the compensation doesn't look
sufficient.} (15... d5 $5) (15... f6 $5) 16. Be3 $5 {White is not in a hurry
to take on a8 as in the case of R~ he defends on e5 by f2-f4 and the position
is in the white's favour clearly thanks to an extra pawn on the king side and
displaced black pieces.} (16. Bxa8 $5 cxd4 (16... Nxa8 17. Be3 Qxe5 {see 16.Be3
}) 17. Bg2 $16 {[%cal Gf2f4,Gd2f3]}) 16... Qxe5 {Black decides to go for the
planned sacrifice.} (16... Rb8 17. f4 {is also in the white's favour,but maybe
anyway black should go for it.}) 17. Bxa8 Nxa8 {[%cal Gc8b7][%mdl 1024]} 18.
Qf3 $1 $16 {A very important move.Now the main idea of the sacrifice doesn't
work.Black's bishop is out of the /^a8-h1 and white's bishop is unpinned.} Nb6
{other options don't look better.} 19. Bf4 Qe6 (19... Qd4 $5 {was a chance to
make white's life harder.} 20. Bxc7 Qxd2 21. Rfd1 (21. Rad1 Nxc4 $1) (21. Bxb6
$4 Qd6 {[%csl Rb6]} 22. Ba7 Qc7 {[%csl Ra7]}) 21... Qc3 (21... Qh6 22. Rd6) 22.
Qxc3 Bxc3 23. Bxb6 Bxa1 24. Rxa1 {[%csl Ra3,Rc5]} Re8 $5 (24... d6 $140 25. Rd1
$1 {[%csl Ra3,Rc5,Rd6]} Re8 (25... Bf5 26. Rxd6 Bb1 27. Rd2 Rc8 28. Bxc5 $18)
26. Rxd6 Bh3 (26... Bb7 27. Kf1 (27. f4 $5)) 27. f3 $18 {[%cal Gg1f2]}) 25.
Bxc5 Re2 {with some counter chances.}) 20. Rfe1 (20. Rae1 $5) 20... Qg6 (20...
Qf6 21. Bxc7 Bxd2 (21... Qxf3 22. Nxf3 Bxe1 23. Rxe1 Bb7 (23... Na8 24. Bd6 Bb7
25. Nd2 {[%csl Ra3,Rc5]}) 24. Bxb6 Bxf3 25. Bxc5 Ra8 26. Re3 $18)) 21. Bxc7 $6
{[%mdl 64] Complicate the position.White has probably missed strong 25...Qe4.}
(21. Rac1 $5) 21... Bxd2 22. Red1 Nxc4 $1 (22... Ba5 23. Rd6) 23. bxc4 Bb4 24.
Bd6 (24. Qd5 Re8 25. Bd6 {see24.Bd6}) 24... Re8 25. Qd5 {[%cal Gd6c5]} Qe4 $1
$132 {Otherwise the c5 pawn is falling.} 26. Rd3 $5 {[%cal Gd3e3] White has to
be careful as pawns on c4 and a2 are vulnerable.} (26. Bxc5 $2 Bxc5 27. Qxc5
Bb7 {and black is on top.}) 26... Bb7 (26... Qxd5 $5 27. Rxd5 Bb7 (27... Ba6
28. Rc1 $1) 28. Re5 Rxe5 29. Bxe5 {[%cal Ga1d1]} f6 $1 {[%csl Ra2,Rc4][%cal
Gg8f7,Gf7e6] with good counterplay.}) 27. Qxe4 Rxe4 (27... Bxe4 $5 28. Re3 Re6)
28. Bf4 $1 Bc6 29. Re3 $1 {It could be a relief for white,but thanks to the
weak pawns on the queen side black always has sufficient compensation.} Rxe3
30. Bxe3 Kf8 $6 (30... Bf3 $142 $5 {[%cal Gg8f8,Gf8e7,Ge7e6]}) 31. Kf1 $6 (31.
f4) (31. Rd1 $142 $5 Ke7 32. Bf4 (32. Bd2 $5)) 31... Ke7 $2 {[%mdl 16384]} (
31... Bf3 $142 {[%cal Gf8e7,Ge7e6]}) (31... d5) 32. Ke2 Ke6 $2 {[%mdl 16384]} (
32... d5 $8) 33. Bd2 $1 $16 {Now white is again on top.} d5 34. Bxb4 cxb4 35.
Kd3 $1 {[%cal Gd3d4]} Ke5 36. f4+ Kf5 37. Kd4 dxc4 38. Kxc4 Kg4 39. Kxb4 Kh3
40. Rc1 $1 Bd5 $2 (40... Bg2) ({or} 40... Be4 {were more stubborn.}) 41. Rc2
$18 h5 42. Kxa3 Bg2 43. Rxg2 $1 {Last chance has gone.White wins by force.}
Kxg2 {Hecht: '[#] Die Zählmethode ergibt, daß Weiß 6 Züge braucht, um auf a8
eine Dame zu erhalten und Schwarz ebensoviele um auf h1 umzuwandeln. Da die
schwarze Dame geschlagen werden könnte, bleibt nur noch zu prüfen, ob Weiß
irgendwelche Probleme im Spiel Dame gegen verbundene Freibauern hat:'} 44. Kb4
(44. Kb4 Kxh2 45. a4 Kxg3 46. a5 h4 (46... Kxf4 {Hecht} 47. a6 g5 48. a7 f5 49.
a8=Q h4 50. Kc3 g4 51. Kd3 {Wir können hier schon abbrechen, denn die Nähe des
weißen Königs garantiert einen leichten weißen Sieg.}) 47. a6 h3 48. a7 h2 49.
a8=Q {[%cal Ga8h1]}) 1-0

[Event "Sarajevo Bosnia 29th"]
[Site "Sarajevo"]
[Date "1999.05.23"]
[Round "6"]
[White "Timman, Jan H"]
[Black "Adams, Michael"]
[Result "0-1"]
[WhiteElo "2670"]
[BlackElo "2716"]
[Annotator "Mikhalevski,V"]
[PlyCount "82"]
[EventDate "1999.05.17"]
[EventType "tourn"]
[EventRounds "9"]
[EventCountry "BIH"]
[EventCategory "19"]
[SourceTitle "CBM 071"]
[Source "ChessBase"]
[SourceDate "1999.08.01"]
[SourceVersion "1"]
[SourceVersionDate "1999.08.01"]
[SourceQuality "1"]

1. e4 e5 2. Nf3 Nc6 3. d4 exd4 4. Nxd4 Nf6 5. Nxc6 bxc6 6. e5 Qe7 7. Qe2 Nd5 8.
c4 Nb6 9. Nd2 (9. Nc3 {played in Kasparov-Adams three days later looks
stronger.See full analyse of that game in CBM71.}) 9... Qe6 10. Qe4 {with the
idea to complete developing of the king side is met by strong reply Bb4!
Suddenly White has problems with the c4-pawn.So if he wants to play 9.Nd2 then
10.b3 should be prefered in order to meet 9...Bb4 with 10.Bb2.} (10. b3 {
has become the main line after the game Kasparov-Piket,1992 which you will
find below.} Bb4 (10... Be7 {Commented game concerning this move you can find
in CBM64.}) 11. Bb2 O-O 12. O-O-O d5 13. exd6 Qxd6 14. Nf3 (14. Qe3 $1 $14)
14... Qh6+ 15. Qe3 (15. Kb1 Bf5+ 16. Ka1 Rae8 $17) 15... Qxe3+ 16. fxe3 Re8 17.
e4 Nd7 $1 18. e5 a5 19. Bd3 Nc5 20. Bc2 a4 21. Nd4 axb3 22. axb3 Ra6 23. h3 Ne6
24. Rhf1 Nxd4 25. Rxd4 g6 26. Be4 Be6 $10 27. Kc2 Be7 28. Ra1 Rxa1 29. Bxa1 Ra8
30. Bb2 Ra2 (30... Ra6 $1 $10) 31. c5 $1 Ra5 (31... Bxc5 32. Ra4 Rxa4 33. bxa4
$14) 32. b4 Ra6 33. Bc3 f6 $2 (33... h5 $10) (33... Kf8 $10) 34. Rd1 fxe5 (
34... f5 35. Bf3 Kf7 $10) 35. Ra1 Rxa1 36. Bxa1 $16 Bf6 (36... Bd7 37. Bxe5 Bd8
38. Kb3 $16) 37. Bxc6 Bf5+ 38. Kb3 Kf7 39. b5 Ke7 40. Kc4 Be6+ $138 {1-0
Kasparov,G-Piket,J/Dortmund 1992/CBM 29/[Anand] (40)}) 10... Bb4 $1 {[%csl Rc4]
[%cal Gc8a6] This probably strongest move was played only once before.Its idea
is to put pressure on the c4-pawn.} ({Continuations} 10... d5) (10... a5) (
10... Be7) ({and} 10... Bb7 {were also checked out.}) 11. Be2 $146 {Imitating
White's plan in the game Karasev-Varavin 1992 where 11.Bd3 was played.} (11.
Bd3 Ba6 12. b3 Bc3 13. Rb1 Qxe5 14. O-O Qxe4 15. Nxe4 Bd4 (15... Bb4 $5) 16.
Ba3 h6 (16... O-O-O $2 17. Ng5 {[%csl Rf7]}) 17. Rbd1 Bb7 (17... O-O-O $2 18.
c5) 18. Bc2 {1-0 Karasev,V-Varavin,V/Moscow 1992/CBM 30 (63) with strong
pressure.}) 11... Ba6 12. b3 $6 {White sacrifices a pawn for temporary
activity,but what was the choice?!} ({I think White is already worse and had
to look for equality in the following variation:} 12. c5 $5 Nc4 $1 {keeping
the pressure.} (12... Bxe2 13. cxb6 (13. Qxb4 $6 Nd5 $1 (13... Qxe5 $2 14. f4
$1 Qe7 15. Qe4 $1 Qxe4 16. Nxe4 Bd3 17. Nf2)) 13... Bxd2+ 14. Bxd2 (14. Kxe2
Bxc1 15. b7 Rb8) 14... Bc4 15. bxc7 $13) {Now after the best} 13. b3 f5 $1 {
arising endgame is in the Black's favour,but White has chances for a draw.} (
13... Bc3 $5) 14. Bxc4 (14. Qd4 $2 Nxe5 $1 {[%cal Re5f3] and black bishops are
inviolable}) 14... fxe4 (14... Bxc4 $2 15. Qxc4 Qxe5+ 16. Qe2 {[%cal Re2e8]})
15. Bxe6 dxe6 $15 {[%csl Rc5,Re5][%cal Rb4e1,Ra6f1,Ga8d8,Gh8f8] and White has
to look for drawish chances by the means of} 16. a3 Bc3 17. Ra2 {[%cal Gc1b2,
Ga2c2]}) 12... Bc3 (12... d5 $5 13. cxd5 $140 (13. Qe3 $142) 13... cxd5 14. Qe3
Bxe2 15. Kxe2 (15. Qxe2 Bc3) 15... Rd8) 13. Rb1 Qxe5 14. O-O Qxe4 15. Nxe4 Bb4
$1 {[%cal Ge8g8] The diagonal a3-f8 is very important.} ({In case of} 15... Bd4
{White has been developing initiative at the same way as in the game
Karasev-Varavin(see above)} 16. Ba3 $44) 16. Bg5 {[%csl Ge7][%cal Ga2a3]
preparing to meet 16...0-0 with 17.a3} d5 $1 (16... O-O $6 17. a3 $1 {[%csl
Rb4]} Rfe8 18. axb4 Rxe4 19. Bf3 $44) 17. a3 Be7 ({After} 17... Bxa3 18. Ra1 {
White gets counterplay.} ({or} 18. Nf6+ gxf6 19. Bxf6 Rg8 $1 20. Ra1 Be7 21.
Bxe7 Bxc4 $1 $19) 18... Bb4 19. Rxa6 dxe4 20. Rfa1) 18. Bxe7 Kxe7 19. Nc5 Bc8
$15 {Black has managed to keep an extra pawn and by the precise play is going
to liquidate temporary activity and strengthen his position.Now Adams is
moving to a win as a machine step by step using small inaccuracies in Timman's
play.} 20. Rbd1 Rd8 21. f4 a5 22. Rfe1 Kf8 23. cxd5 cxd5 {First achievment.
Double pawns are not existing anymore.} 24. Bb5 g6 25. Rd4 Ra7 26. Rc1 Rd6 27.
Kf2 Bf5 28. Be2 h5 29. h3 h4 $1 30. Bd3 Bxd3 31. Nxd3 Nd7 $17 {Another
achievment.Bishops are exchanged and black knight takes the important c5
square under control.} 32. Ne5 Nf6 33. Nf3 $2 {[%mdl 16384] Decisive mistake.
Black repairs pawn structure and achieves winning advantage.} c5 $1 $19 {
[%mdl 16]} 34. Rd3 (34. Rxc5 Ne4+ {[%cal Re4f2,Re4c5]}) 34... a4 $1 35. Nd2
axb3 36. Rxc5 {White finally takes on c5,but a pawn on b3 is still alive and
while White takes care of it Black creates decisive threats to White's monarch.
} Rxa3 37. Rb5 (37. Rc8+ Kg7 38. Rxb3 Ra2 39. Rd3 Re6 $19 {[%cal Gf6e4,Gf6h5]})
37... Ra2 $1 38. Rbxb3 Re6 $1 {[%csl Rf2][%cal Gf6e4,Ra2f2] Now straight
attack decides the game.Threats Ne4 and Nh5 are mortal.} 39. Kg1 (39. Kf3 Ne4
$1) (39. Kf1 Nh5 $19) 39... Re2 40. Nf3 Rxg2+ 41. Kh1 Ne4 {[%cal Re4g3]} 0-1

[Event "Sarajevo Bosnia 29th"]
[Site "Sarajevo"]
[Date "1999.05.26"]
[Round "9"]
[White "Kasparov, Garry"]
[Black "Adams, Michael"]
[Result "1-0"]
[WhiteElo "2812"]
[BlackElo "2716"]
[Annotator "Mikhalevski,V"]
[PlyCount "61"]
[EventDate "1999.05.17"]
[EventType "tourn"]
[EventRounds "9"]
[EventCountry "BIH"]
[EventCategory "19"]
[SourceTitle "CBM 071"]
[Source "ChessBase"]
[SourceDate "1999.08.01"]
[SourceVersion "1"]
[SourceVersionDate "1999.08.01"]
[SourceQuality "1"]

1. e4 e5 2. Nf3 Nc6 3. d4 exd4 4. Nxd4 Nf6 5. Nxc6 bxc6 6. e5 Qe7 7. Qe2 Nd5 8.
c4 Nb6 9. Nc3 Qe6 {All the information concerning opening part of this game
you can find in CBM65(Ponomariov-Spassky,Cannes 1998)} (9... Ba6 10. Qe4 Qb4 $6
11. a3 Qb3 12. Bd3 $1 Bxc4 $140 $2 13. Bc2 $1) 10. Qe4 Bb4 11. Bd2 Ba6 12. b3 (
12. c5 $6 Nc4 (12... Bxf1 13. cxb6 Bc4 (13... Bxg2 $2 14. Qxg2 Qxe5+ 15. Kd1
$16) 14. bxc7 Ba5 15. f4 $13) 13. Bxc4 Bxc4 14. f4 Bxc3 15. Bxc3 Bxa2 $15)
12... Bxc3 13. Bxc3 d5 {The main idea of the Black's set up.} 14. Qh4 $5 $146 {
A novelty.In three previous games White retreated to f3.Kasparov tries a new
idea.White's queen keeps the c4 square under additional control that can be
important comparing to the previous games.} (14. Qf3 {1/2-1/2 Ponomariov,
R-Spassky,B/Cannes 1998/CBM 65/[Mikhalevski,V] (58)}) (14. cxd5 {also doesn't
promise a lot.} cxd5 15. Qb4 Bxf1 16. Kxf1 $13 (16. Rxf1 {Blatny} Nd7 17. O-O-O
c5 18. Qb7 Nb6)) 14... dxc4 15. Be2 Nd5 {A try to make use of 14.Qh4} 16. Bd4 (
{After} 16. Bxc4 Bxc4 (16... g5 $5 17. Qd4 Bxc4 18. Qxc4 Nf4) 17. Qxc4 {
[%csl Ra7,Rc6,Rc7] White is slightly better}) 16... c5 ({After} 16... Ne7 {
White can ignore an idea of 17...Nf5 and castle.} 17. O-O) 17. Bxc5 Nc3 $1 {
The idea of previous move.Black is preventing 18.0-0 and preparing Q:e5+.} ({
In case of} 17... Qxe5 $2 18. O-O {[%csl Re8] Black has serious problems}) 18.
Bxc4 Qxe5+ 19. Be3 (19. Kf1 {[%cal Ga1e1]} Ne4 {[%cal Ge5a1,Ge4d2]} (19... Qxc5
20. Re1+ Kf8 21. Bxa6 Nxa2 22. Bc4 $36 {[%cal Gh4f4]}) 20. Rd1 $1 Bxc4+ 21.
bxc4 {[%csl Re8]} Nxc5 $5 22. Re1 Qxe1+ 23. Kxe1 O-O $13 {[%csl Re1]} 24. Kd2
$5) 19... Ne4 20. O-O Bxc4 21. bxc4 O-O 22. Rfe1 $14 Rfe8 23. f3 Nd6 (23... Nf6
24. Bxa7 Qb2 25. Bd4 (25. Rxe8+ $5 Rxe8 26. Bd4) 25... Rxe1+ 26. Rxe1 Qxa2 27.
Bxf6 $16) 24. Bf2 Qf5 25. c5 {[%csl Rd6][%mdl 32] Nice play of Garry.Suddenly
Black's knight has lost its fulcrum and fills very uncomfortable.} Nb5 26. Qb4
$1 {[%csl Rb5][%mdl 32]} Qd3 $8 (26... c6 27. a4 Nc7 (27... a5 28. Rxe8+ Rxe8
29. Qxa5) (27... Rxe1+ 28. Rxe1 a5 29. Qxa5 $1) 28. Qb7 Rxe1+ (28... Qd7 29.
Red1) 29. Rxe1 Qd7 30. Bg3 Qd4+ 31. Kh1 $18) 27. Red1 a5 $8 (27... Qe2 $2 28.
a4 {[%csl Rb5]}) 28. Qa4 Qe2 $8 (28... Nc3 $2 29. Qxe8+ $1) 29. Re1 Qd3 $2 {
[%mdl 8192] Up to this moment Black defended his position by only moves,but
under a strong pressure Adams finally made a desisive mistake and had lost by
force.} ({After} 29... Nc3 $8 {Black is still alive.For example:} 30. Qc6 (30.
Qd7 $5 Qb5 31. c6 Ne2+ $1 (31... Red8 $2 32. Qxc7 Rdc8 (32... Rac8 33. Qb6) (
32... Nd5 33. Qb7) 33. Qd7 Qxc6 $140 $2 34. Re8+ $1) 32. Kh1 Rac8 $13 (32...
Rad8 33. Qxc7 Rc8 34. Qb6)) 30... Qb5 $8 31. Qxc7 (31. Rxe8+ Rxe8 32. Qxc7 Nxa2
) 31... Rxe1+ 32. Rxe1 Nxa2 $14 {[%cal Ga2b4]} 33. c6 $140 (33. Qb6 Nc3 $1)
33... Nb4 34. Qb7 $2 (34. Rc1 $142) 34... Qxc6) (29... Qb2 $2 30. Reb1 Nc3 31.
Qxe8+ $18) 30. Rxe8+ Rxe8 31. Rd1 (31. Rd1 Qe2 32. Re1 $18) 1-0